000 00249nam a2200109Ia 4500
008 230724s1999 xx und d
041 _aeng
100 _aPROJ. BY DISHA PB.
245 _aPUNES LIVING ROOMS VOL-1
260 _c1999
300 _a100
999 _c1172787
_d1172787